Statistics for FIFA 15 Team Of The Season Players from Serie A

Click here to take the quiz!

General Stats

  • This quiz has been taken 84 times
  • The average score is 9 of 18

Answer Stats

HintAnswer% Correct
GKGianluigi BuffonJuventus
98%
CBGiorgio ChielliniJuventus
85%
CBLeonardo BonucciJuventus
80%
STMauro IcardiInter
73%
STCarlos TevezJuventus
68%
CMPaul PogbaJuventus
68%
GKMattia PerinGenoa
59%
STLuca ToniHellas Verona
55%
CFPaulo DybalaPalermo
55%
CMRadja NainggolanRoma
53%
LWFelipe AndersonLazio
42%
CBDaniele RuganiEmpoli
26%
CBGonzalo RodriguezFiorentina
26%
CBKamil GlikTorino
21%
LWDiego PerottiGenoa
18%
RWAlessandro FlorenziRoma
15%
CAMManolo GabbiadiniNapoli
14%
CMRoberto SorianoSampdoria
9%

Score Distribution

Percentile by Number Answered

Percent of People with Each Score

Your Score History

You have not taken this quiz